| 000 | 00544nam a2200193 a 4500 | ||
|---|---|---|---|
| 001 | 000026036 | ||
| 005 | 20200930024240.0 | ||
| 008 | 110225s1967 xxu r 001 0 eng d | ||
| 040 |
_aDO-SdBNP _beng _cBNPHU |
||
| 082 |
_ann* _bnn* |
||
| 100 | 1 |
_aWest, D. J. _952971 |
|
| 245 | 1 | 4 |
_aThe young offender / _cD. J. West. |
| 260 |
_a[Estados Unidos] : _bDuckworth and Penguin Books, _c1967. |
||
| 300 |
_a333 p. ; _c18 cm. |
||
| 490 | 1 |
_aPenguin Books. _v872 |
|
| 500 | _aIncluye índice. | ||
| 830 | 0 |
_aPenguin Books. _v872 _952972 |
|
| 049 | _aBNGR | ||
| 999 |
_c25528 _d25528 |
||